Актуальные проблемы взаимодействия общественности с органами государственной власти и органами местного самоуправления (Запись № 12741269)

Подробности
000 -МАРКЕР
контрольное поле 03961nam0a2200409 4500
001 - ИДЕНТИФИКАТОР ЗАПИСИ
контрольное поле RU\NLR\BIBL_A\016222020
005 - ИДЕНТИФИКАТОР ВЕРСИИ
контрольное поле 20230123091626.0
010 ## - МЕЖДУНАРОДНЫЙ СТАНДАРТНЫЙ НОМЕР КНИГИ (ISBN)
Номер (ISBN) 978-5-907071-59-9
Тираж 20
021 ## - НОМЕР ГОСУДАРСТВЕННОЙ РЕГИСТРАЦИИ
Код страны Российская Федерация
Номер КН-П-22-074824
Номер Листа государственной регистраци КН-П-22-6521
035 ## - ДРУГИЕ СИСТЕМНЫЕ НОМЕРА
Идентификатор записи (NLR Aleph) 016222020
035 ## - ДРУГИЕ СИСТЕМНЫЕ НОМЕРА
Идентификатор записи (RuMoRGB)011311421
100 ## - ДАННЫЕ ОБЩЕЙ ОБРАБОТКИ
Данные общей обработки 20221129d2022 k y0rusy50 ca
101 0# - ЯЗЫК РЕСУРСА
Язык текста, звукозаписи и т.д. русский
Язык резюме английский
102 ## - СТРАНА ПУБЛИКАЦИИ ИЛИ ПРОИЗВОДСТВА
Страна публикации Российская Федерация
105 ## - ПОЛЕ КОДИРОВАННЫХ ДАННЫХ: ТЕКСТОВЫЕ МАТЕРИАЛЫ, МОНОГРАФИЧЕСКИЕ
Кодированные данные о монографическом текстовом документе y z 100zy
181 #0 - ПОЛЕ КОДИРОВАННЫХ ДАННЫХ: ВИД СОДЕРЖАНИЯ
Код вида содержания (ISBD) i4
Код характеристики содержания (ISBD) axxe
182 #1 - ПОЛЕ КОДИРОВАННЫХ ДАННЫХ: ТИП СРЕДСТВА
Код типа средства (ISBD) n - непосредственное
200 1# - ЗАГЛАВИЕ И СВЕДЕНИЯ ОБ ОТВЕТСТВЕННОСТИ
Основное заглавие Актуальные проблемы взаимодействия общественности с органами государственной власти и органами местного самоуправления
Сведения, относящиеся к заглавию материалы VII Всероссийской научно-практической конференции (Саранск, 26 ноября 2021 г.)
Первые сведения об ответственности Средне-Волжский институт (филиал) федерального государственного бюджетного образовательного учреждения высшего образования "Всероссийского государственного университета юстиции (РПА Минюста России)" в г. Саранске
Последующие сведения об ответственности редакционная коллегия: Г. П. Кулешова [и др.]
203 ## - ВИД СОДЕРЖАНИЯ И ТИП СРЕДСТВА
Вид содержания Текст
Дополнительные сведения об издании визуальный
Тип средства непосредственный
210 ## - ПУБЛИКАЦИЯ, РАСПРОСТРАНЕНИЕ И ДР.
Место издания, распространения и т.д. Саранск
Имя издателя, распространителя и т. д. ЮрЭксПрактик
-- Средне-Волжский институт (филиал) ВГУЮ (РПА Минюста России)
Дата издания, распространения и т.д. 2022
215 ## - ФИЗИЧЕСКАЯ ХАРАКТЕРИСТИКА
Специфическое обозначение материала и объем 270 с.
Размеры 20
300 ## - ОБЩИЕ ПРИМЕЧАНИЯ
Текст примечания Рез. англ.
320 ## - ПРИМЕЧАНИЯ О НАЛИЧИИ В ДОКУМЕНТЕ БИБЛИОГРАФИИ / УКАЗАТЕЛЯ
Текст примечания Библиогр. в конце докл.
330 ## - РЕЗЮМЕ ИЛИ РЕФЕРАТ
Текст примечания В сборнике публикуются работы ученых, преподавателей, аспирантов, магистрантов по итогам состоявшейся в ноябре 2021 г. VII Всероссийской научно-практической конференции "Актуальные проблемы взаимодействия общественности с органами государственной власти и органами местного самоуправления". Материалы предназначены для научных и практических работников, преподавателей и магистрантов
606 1# - НАИМЕНОВАНИЕ ТЕМЫ КАК ПРЕДМЕТ
Наименование темы Органы государственной власти
Тематический подзаголовок Взаимодействие с общественными объединениями
Географический подзаголовок Российская Федерация
Формальный подзаголовок Съезды, совещания и т.п
Код системы nlr_sh1
-- nlr_sh2
Идентификатор авторитетной/нормативной записи RU\NLR\AUTH\661371787
606 1# - НАИМЕНОВАНИЕ ТЕМЫ КАК ПРЕДМЕТ
Наименование темы Органы местного самоуправления
Тематический подзаголовок Взаимодействие с общественными организациями
Географический подзаголовок Российская Федерация
Формальный подзаголовок Съезды, совещания и т.п
Код системы nlr_sh2
Идентификатор авторитетной/нормативной записи RU\NLR\AUTH\661464526
686 1# - ИНДЕКСЫ ДРУГИХ КЛАССИФИКАЦИЙ
Индекс Х620.61я431
686 1# - ИНДЕКСЫ ДРУГИХ КЛАССИФИКАЦИЙ
Индекс Х621.011.2я431
702 #1 - ИМЯ ЛИЦА - ВТОРИЧНАЯ ОТВЕТСТВЕННОСТЬ
Начальный элемент ввода Кулешова
Часть имени, кроме начального элемента ввода Г. П.
Расширение инициалов личного имени Галина Петровна
Код отношения Редактор
711 12 - НАИМЕНОВАНИЕ ОРГАНИЗАЦИИ - АЛЬТЕРНАТИВНАЯ ОТВЕТСТВЕННОСТЬ
Начальный элемент ввода "Актуальные проблемы взаимодействия общественности с органами государственной власти и органами местного самоуправления", всероссийская научно-практическая конференция
Порядковый номер временной организации и / или порядковый номер ее части 7
Дата проведения временной организации 2021
Место проведения временной организации Саранск
Идентификатор авторитетной/нормативной записи RU\NLR\AUTH\880578947
712 02 - НАИМЕНОВАНИЕ ОРГАНИЗАЦИИ - ВТОРИЧНАЯ ОТВЕТСТВЕННОСТЬ
Начальный элемент ввода Всероссийский государственный университет юстиции
Структурное подразделение Средне-Волжский институт (филиал)
Идентифицирующий признак Саранск
Идентификатор авторитетной/нормативной записи RU\NLR\AUTH\880442285
Код отношения Прочие
942 ## - ДОПОЛНИТЕЛЬНЫЕ ЭЛЕМЕНТЫ ЗАПИСИ (АБИС)
Тип экземпляра АБИС Книга
980 ## - КОЛЛЕКЦИЯ
Название коллекции Национальная библиография
Экземпляры
Тип экземпляра Дата поступления Источник поступления Библиотека постоянного хранения Библиотека текущего хранения Место хранения Шифр хранения Штрих-код Статус экземпляра
Книга 29.11.2022 Обязательный экземпляр РНБ (Московский) РНБ (Московский) Русский книжный фонд: издания с 1957 года 2022-3/33546 1-4065611